00859nam a2200217Ia 450000500170000000800410001708200200005811000380007824501440011625000190026030000420027960000310032161000590035265000380041171000270044926400420047633600270051833700330054533800280057804000350060620220317001216.0160825s1999 ck g 000 0 spa 04aR 708.074bB31p2 aBanco de la República. Bogotá10aPancho Fierro, 1809?-1879, colecciones del Banco Central de Reserva del Perú y del Museo de Arte de Lima cBiblioteca Luis Ángel Arango a1a. edición  a52 páginas bilustraciones c23 cm 14aFierro, Panchod1809 -18792 aBiblioteca Luis Ángel Arango (Bogota)vExposiciones 142LEMBaPintores peruanosySiglo XX aMuseo de arte de lima  aBogotábArchivos del índicec1998 atextobtxt2rdacontent asin mediaciónbn2rdamedia avolumenbnc2rdacarrier aCO-BoRNBPbspaerdacCO-BoRNBP